000 00444nam a2200181Ia 4500
001 23143
005 20260414150918.0
008 260414t2017||||xx |||||||||||||| ||spa||
041 _aESP
082 _a624.183412
_bR714
100 _aRaju, N. Krishna
_eAUT
245 0 _aPrestressed concrete :
_bproblems and solutions
260 _c2017
300 _a424 páginas :
_c21 cm.
650 _a0
654 _aCIC
942 _cLIB
_dJUS
_fJUS
_2ddc
_n
999 _c23143
_d23143